Catálogo público

Estructura y dinámica de los sistemas agroindustriales (disco compacto): (Record no. 93784)

MARC details
000 -CABECERA
campo de control de longitud fija 01683nam a2200397 a 4500
003 - IDENTIFICADOR DEL NÚMERO DE CONTROL
campo de control CHAP
005 - FECHA Y HORA DE LA ÚLTIMA TRANSACCIÓN
campo de control 20230608062647.0
008 - DATOS DE LONGITUD FIJA--INFORMACIÓN GENERAL
campo de control de longitud fija 070625d2007 mx 00010 spa d
010 ## - NÚMERO DE CONTROL DE LA BIBLIOTECA DEL CONGRESO
Número de control de LC 93784
011 ## - ENLACE DEL NUMERO DE CONTROL DE LA BIBLIOTECA DEL CONGRESO [OBSOLETO]
Número de control de LC 94756
035 ## - NÚMERO DE CONTROL DEL SISTEMA
Número de control de sistema 105353
040 ## - FUENTE DE LA CATALOGACIÓN
Centro/agencia transcriptor CHAP
090 ## - LOCALMENTE ASIGNADO TIPO-LC NÚMERO DE CLASIFICACIÓN (OCLC); NÚMERO DE CLASIFICACIÓN LOCAL (RLIN)
Número de clasificación (OCLC) (R) ; Numero de clasificación, CALL (RLIN) (NR) CD-252
111 2# - ENTRADA PRINCIPAL--NOMBRE DE CONGRESO/REUNIÓN
Nombre de congreso/reunión o jurisdicción como elemento de entrada Seminario de Investigación del Doctorado en Problemas Económico Agroindustriales
Número del congreso/reunión o número de parte o sección (20 :
Fecha del congreso/reunión 2006 :
Sede del congreso/Lugar de la reunión Chapingo, Méx.)
9 (RLIN) 104056
245 10 - MENCIÓN DE TÍTULO
Título Estructura y dinámica de los sistemas agroindustriales (disco compacto):
Resto del título memoria
Mención de responsabilidad, etc. /coord. por Rita Schwentesius Rindermann
260 ## - PUBLICACIÓN, DISTRIBUCIÓN, ETC.
Lugar de publicación, distribución, etc. Chapingo, Méx. :
Nombre del editor, distribuidor, etc. UACH. Centro de Investigaciones Económicas, Sociales y Tecnológicas de la Agroindustria y de la Agricultura Mundial. Centro de Investigaciones y Posgrado,
Fecha de publicación, distribución, etc. 2007.
300 ## - DESCRIPCIÓN FÍSICA
Extensión 1 disco compacto
Dimensiones 4 3/4 plgs.
590 ## - NOTA LOCAL (RLIN)
Nota local BATCH-UPD
Procedencia (VM) [OBSOLETO] 10
Condición del los carretes individuales (VM) [OBSOLETO] 20130110
-- UCH01
-- 0818
590 ## - NOTA LOCAL (RLIN)
Nota local BATCH-UPD
Procedencia (VM) [OBSOLETO] 10
Condición del los carretes individuales (VM) [OBSOLETO] 20130410
-- UCH01
-- 0455
590 ## - NOTA LOCAL (RLIN)
Nota local BATCH-UPD
Procedencia (VM) [OBSOLETO] 10
Condición del los carretes individuales (VM) [OBSOLETO] 20130914
-- UCH01
-- 0053
590 ## - NOTA LOCAL (RLIN)
Nota local BATCH-UPD
Procedencia (VM) [OBSOLETO] 10
Condición del los carretes individuales (VM) [OBSOLETO] 20161124
-- UCH01
-- 1713
590 ## - NOTA LOCAL (RLIN)
Nota local CONVERSION
Procedencia (VM) [OBSOLETO] 10
Condición del los carretes individuales (VM) [OBSOLETO] 20130109
-- UCH01
-- 1352
650 14 - PUNTO DE ACCESO ADICIONAL DE MATERIA--TÉRMINO DE MATERIA
Término de materia o nombre geográfico como elemento de entrada Agricultura
Subdivisión general Industrialización.
9 (RLIN) 1560
650 14 - PUNTO DE ACCESO ADICIONAL DE MATERIA--TÉRMINO DE MATERIA
Término de materia o nombre geográfico como elemento de entrada Industrias agrícolas
Subdivisión general Congresos.
9 (RLIN) 57939
650 14 - PUNTO DE ACCESO ADICIONAL DE MATERIA--TÉRMINO DE MATERIA
Término de materia o nombre geográfico como elemento de entrada México
Subdivisión general Aspectos económicos.
9 (RLIN) 76643
650 14 - PUNTO DE ACCESO ADICIONAL DE MATERIA--TÉRMINO DE MATERIA
Término de materia o nombre geográfico como elemento de entrada México
Subdivisión general Condiciones sociales.
9 (RLIN) 76730
650 14 - PUNTO DE ACCESO ADICIONAL DE MATERIA--TÉRMINO DE MATERIA
Término de materia o nombre geográfico como elemento de entrada Política económica.
651 #4 - PUNTO DE ACCESO ADICIONAL DE MATERIA--NOMBRE GEOGRÁFICO
Nombre geográfico México
Subdivisión general Política y gobierno.
9 (RLIN) 76783
700 1# - PUNTO DE ACCESO ADICIONAL--NOMBRE DE PERSONA
Nombre de persona Schwentesius Rindermann, Rita
Término indicativo de función/relación , coord.
9 (RLIN) 103302
901 ## - ELEMENTOS DE DATOS A LOCAL LDA (RLIN)
a BK
905 ## - ELEMENTOS DE DATOS E LOCAL, LDE (RLIN)
a Marco A. Mendoza T.
911 ## - EQUIVALENCIA O REFERENCIA-CRUZADA-NOMBRE DE CONFERENCIA O REUNIÓN/CONGRESO [LOCAL, CANADÁ]
Nombre de congreso/reunión o jurisdicción como elemento de entrada Custodia
942 ## - ELEMENTOS DE PUNTO DE ACCESO ADICIONAL (KOHA)
Tipo de ítem Koha CD
949 ## - PROCESAMIENTO DE INFORMACIÓN LOCAL (OCLC)
a CD-252
b BC
c CD
d 33724002223553
e CD
g DonaciØn
i 105353
s b
949 ## - PROCESAMIENTO DE INFORMACIÓN LOCAL (OCLC)
a CD-252
b BC
c CD
d 33724002223595
e CD
f c.2
g DonaciØn
i 105353
s b
Holdings
Estado de retiro Estado de pérdida Estado dañado Restricciones de uso No para préstamo Código de colección Localización permanente Ubicación/localización actual Fecha de adquisición Fuente de adquisición Información codificada de la localización en otra ubicación Total de préstamos Signatura topográfica completa Código de barras Fecha visto por última vez Precio válido a partir de Tipo de ítem Koha Nota pública Fuente del sistema de clasificación o colocación Ubicación en estantería Número de copia
      Préstamo interno2 Excluido de préstamo Material multimedia Biblioteca Central Biblioteca Central 17/12/2012 Donacion CD   CD-252 33724002223553 31/12/2019 31/12/2019 CD Recien adquirido      
      Préstamo interno   Material multimedia Biblioteca Central Biblioteca Central 17/12/2012 Donacion CD   CD-252 33724002223595 31/12/2019 17/12/2012 CD   Clasificación Universidad Autónoma de Chapingo Planta Principal - Área de préstamo - Mat. Multimedia c.2